Flags of the World - Over 400 flags! Ultimate challenge - Statistics

General Stats
  • This quiz has been taken 32 times
    26 since last reset
  • The average score is 184 of 472
Answer Stats
Picture Answer % Correct
Canada
92%
Cyprus
92%
Greece
92%
Malta
92%
Panama
92%
United Kingdom
92%
Vietnam
92%
Wales
92%
Algeria
83%
Argentina
83%
Bahrain
83%
Colombia
83%
England
83%
Kenya
83%
Puerto Rico
83%
Scotland
83%
Tunisia
83%
Uganda
83%
Afghanistan
75%
Benin
75%
Christmas Island
75%
Dominica
75%
France
75%
Gibraltar
75%
Japan
75%
Kiribati
75%
Luxembourg
75%
Monaco
75%
Peru
75%
Romania
75%
Singapore
75%
South Africa
75%
Spain
75%
Sri Lanka
75%
Sweden
75%
Syria
75%
Tanzania
75%
USA/United States
75%
Belarus
67%
Bhutan
67%
Bosnia & Herzegovina
67%
Burkina Faso
67%
Czech Republic
67%
Egypt
67%
Ethiopia
67%
Faroe Islands
67%
Finland
67%
Gambia
67%
Guatemala
67%
Lazio
67%
Lithuania
67%
Malawi
67%
Malaysia
67%
Mauritania
67%
Morocco
67%
North Korea
67%
North Macedonia
67%
Norway
67%
Poland
67%
Russia
67%
Tuva
67%
Ukraine
67%
United Arab Emirates/UAE
67%
Uruguay
67%
Antarctica
58%
Bahamas
58%
Basque Country
58%
British Indian Ocean Territory
58%
British Virgin Islands
58%
Brunei
58%
Cameroon
58%
Cayman Islands
58%
Chad
58%
Comoros
58%
Denmark
58%
Dominican Republic
58%
El Salvador
58%
Eritrea
58%
Estonia
58%
Falkland Islands
58%
Georgia
58%
Germany
58%
Greenland
58%
Guernsey
58%
Hawaii
58%
India
58%
Indonesia
58%
Iraq
58%
Jersey
58%
Jordan
58%
Kuwait
58%
Kyrgyzstan
58%
Latvia
58%
Liberia
58%
Madrid
58%
Mali
58%
Mauritius
58%
Namibia
58%
Nauru
58%
Netherlands
58%
Pakistan
58%
Qatar
58%
Rwanda
58%
Senegal
58%
Tibet
58%
Tuvalu
58%
Adygea
50%
Alaska
50%
Albania
50%
Alderney
50%
Angola
50%
Anguilla
50%
Asturias
50%
Australia
50%
Bonaire
50%
Brittany
50%
Calabria
50%
Cambodia
50%
Cape Verde
50%
Catalonia
50%
Curacao
50%
Djibouti
50%
Fiji
50%
French Guiana
50%
French Polynesia
50%
Galicia
50%
Guadeloupe
50%
Guinea
50%
Honduras
50%
Iceland
50%
Iran
50%
Isle of Man
50%
Martinique
50%
Mayotte
50%
Montserrat
50%
Nepal
50%
Nicaragua
50%
Reunion
50%
Sakha
50%
Samoa
50%
Sark
50%
Saudi Arabia
50%
Seychelles
50%
Sicily
50%
Sierra Leone
50%
Solomon Islands
50%
South Korea
50%
St Barthelemy
50%
Sudan
50%
Suriname
50%
Thailand
50%
Tokelau
50%
US Virgin Islands
50%
Uzbekistan
50%
Abkhazia
42%
Adjara
42%
Altai Krai
42%
Ambazonia
42%
American Samoa
42%
Andalusia
42%
Andorra
42%
Aragon
42%
Armenia
42%
Ascension Island
42%
Austria
42%
Azad Kashmir/Kashmir
42%
Azerbaijan
42%
Azores
42%
Bavaria
42%
Belgium
42%
Bermuda
42%
British Antarctic Territory
42%
Bulgaria
42%
Canary Islands
42%
Central African Republic
42%
Chile
42%
China
42%
Cornwall
42%
Costa Rica
42%
Crimea
42%
Croatia
42%
Cuba
42%
Democratic Republic of Congo
42%
Donetsk
42%
East Turkestan
42%
East Turkestan
42%
Ecuador
42%
Flanders/Flemish Region
42%
Gabon
42%
Gagauzia
42%
Guam
42%
Hong Kong
42%
Israel
42%
Jamaica
42%
Jubaland
42%
Kazakhstan
42%
Laos
42%
La Rioja
42%
Luhansk
42%
Madeira
42%
Maldives
42%
Marshall Islands
42%
Mexico
42%
Mongolia
42%
Mozambique
42%
Murcia
42%
Navarre
42%
Niger
42%
Nigeria
42%
Norfolk Island
42%
Northern Ireland
42%
Occitania
42%
Orkney Islands
42%
Palestine
42%
Paraguay
42%
Puntland
42%
Quebec
42%
Saba
42%
Saint Martin
42%
Sardinia
42%
Shetland Islands
42%
South Ossetia
42%
South Sudan
42%
Soviet Union/USSR
42%
St Helena
42%
Svalbard
42%
Taiwan
42%
Tajikistan
42%
Tatarstan
42%
Togo
42%
Tonga
42%
Transnistria
42%
Tristan da Cunha
42%
Turkmenistan
42%
Vojvodina
42%
Wake Island
42%
Wallonia
42%
Zambia
42%
Zanzibar
42%
Zimbabwe
42%
Aboriginal
33%
Aland Islands
33%
Altai Republic
33%
Antigua & Barbuda
33%
Aruba
33%
Bangladesh
33%
Bangsamoro
33%
Barbados
33%
Barotseland
33%
Bashkortostan
33%
Bolivia
33%
Botswana
33%
Brazil
33%
Ceuta
33%
Chechnya
33%
Chilean Antarctic Territory
33%
Cook Islands
33%
Coral Sea Islands
33%
Corsica
33%
Crete
33%
East Timor
33%
Equatorial Guinea
33%
Eswatini
33%
Extremadura
33%
French Southern & Antarctic Lands
33%
Galapagos Islands
33%
Ghana
33%
Grenada
33%
Guinea-Bissau
33%
Guyana
33%
Herm
33%
Hokkaido
33%
Hungary
33%
Ibiza
33%
Ingushetia
33%
Ireland
33%
Italy
33%
Jewish Autonomous Oblast
33%
Kaliningrad
33%
Kosovo
33%
Kurdistan
33%
Lebanon
33%
Liguria
33%
Lombardy
33%
Macau
33%
Madagascar
33%
Mallorca
33%
Melilla
33%
Micronesia
33%
Moldova
33%
Montenegro
33%
Moorea/Mo'orea
33%
Myanmar
33%
Nagorno-Karabakh/Artsakh
33%
New Caledonia
33%
Normandy
33%
Northern Cyprus
33%
Northern Mariana Islands
33%
Okinawa
33%
Oman
33%
Palau
33%
Papua New Guinea
33%
Piedmont
33%
Pitcairn Islands
33%
Portugal
33%
Republic of Congo
33%
Rodrigues
33%
San Marino
33%
Sao Tome & Principe
33%
Saxony
33%
Serbia
33%
Sint Maarten
33%
Slovakia
33%
Slovenia
33%
Somaliland
33%
South Tyrol
33%
St Kitts & Nevis
33%
St Lucia
33%
St Pierre & Miquelon
33%
St Vincent & The Grenadines
33%
Switzerland
33%
Tenerife
33%
Turkey
33%
Turks & Caicos
33%
Tuscany
33%
Valencia
33%
Veneto
33%
Venezuela
33%
Wallis & Futuna
33%
Western Sahara
33%
Western Togoland
33%
Yemen
33%
Yugoslavia
33%
Akrotiri and Dhekelia
25%
Anjouan
25%
Balearic Islands
25%
Bali
25%
Barbuda
25%
Belize
25%
Bougainville
25%
Burundi
25%
Buryatia
25%
Cabinda
25%
Cantabria
25%
Castile & Leon
25%
Castilla la Mancha
25%
Chuuk
25%
Chuvashia
25%
Cocos Keeling Islands
25%
Dagestan
25%
Darfur
25%
Easter Island
25%
Formentera
25%
Haiti
25%
Ivory Coast
25%
Johnston Atoll
25%
Kabardino-Balkaria
25%
Kalmykia
25%
Karakalpakstan
25%
Karelia
25%
Khakassia
25%
Komi
25%
Lesotho
25%
Libya
25%
Liechtenstein
25%
Menorca
25%
Netherlands Antilles
25%
New Zealand
25%
Niue
25%
North Aegean
25%
Philippines
25%
Prince Edward Island
25%
Prussia
25%
Republic of Srpska/Republika Srpska
25%
Ross Dependency
25%
Sapmi
25%
Sarawak
25%
Sint Eustatius
25%
Somalia
25%
South Aegean
25%
South Georgia & South Sandwich Islands
25%
Trinidad & Tobago
25%
Udmurtia
25%
Vanuatu
25%
West Papua
25%
Abruzzo
17%
Alsace
17%
Aosta Valley
17%
Australian Antarctic Territory
17%
Bremen
17%
Corfu
17%
Friuli-Venezia Giulia
17%
Gran Canaria
17%
Juan Fernandez Islands
17%
Kamchatka Krai
17%
Karachay-Cherkessia
17%
Kent
17%
Khabarovsk Krai
17%
Kosrae
17%
Krasnodar Krai
17%
Lord Howe Island
17%
Mari El
17%
Moheli
17%
Pohnpei
17%
Primorsky Krai
17%
Sabah
17%
Sulawesi
17%
Tierra del Fuego
17%
Trentino
17%
Umbria
17%
Yap
17%
Anglesey
8%
Austral Islands
8%
Balochistan
8%
Burgundy
8%
Campania
8%
Chatham Islands
8%
Damaraland
8%
Gambier Islands
8%
Grand Comore
8%
Inner Mongolia
8%
Isle of Wight
8%
Krasnoyarsk Krai
8%
La Gomera
8%
Lanzarote
8%
La Palma
8%
Mordovia
8%
Mount Athos
8%
North Caribbean Coast Autonomous Region/NCCAR
8%
North Sinai
8%
Nouvelle-Aquitaine
8%
Outer Hebrides
8%
Perm Krai
8%
Rotuma
8%
Rwenzururu
8%
Skye
8%
South Caribbean Coast Autonomous Region/SCCAR
8%
South Sinai
8%
Stavropol Krai
8%
Torres Strait Islands
8%
Tuamotu Islands
8%
Vatican City State
8%
Wessex
8%
Yorkshire
8%
Zabaykalsky Krai
8%
Autonomous Region of Principe
0%
Bora Bora
0%
Campione d'Italia
0%
Casamance
0%
Corn Islands
0%
Cozumel
0%
El Hierro
0%
Federal Dependencies of Venezuela
0%
Fernando de Noronha
0%
Fuerteventura
0%
Gascony
0%
Guna Yala
0%
Heligoland
0%
Islamic Republic of Afghanistan
0%
Isles of Scilly
0%
Labuan
0%
Leeward Islands
0%
Lorraine
0%
Maluku Islands
0%
Marquesas Islands
0%
Nakhchivan Republic
0%
Ngabe-Buglé
0%
Novaya Zemlya
0%
San Andres & Providencia
0%
Savoy
0%
South Uist
0%
Tahiti
0%
No matching quizzes found
Score Distribution
Percent of People with Each Score
Percentile by Number Answered
Your Score History
You have not taken this quiz since the last reset